Ai as ont eu eus : géographie - Statistiques

Statistiques générales
  • Ce quiz a été pris 29 fois
    28 depuis la dernière actualisation
  • Le résultat moyen est 13 sur 21
Statistiques - réponses
Hint Réponse % Correct
Continent qui abrite Tokyo As
89%
Fleuve de Turquie, de Syrie et d’Iraq Eu
89%
Province d'Espagne As
84%
Province du Canada dont la plus grande ville est Toronto Ont
84%
Capitale du Kazakhstan As
79%
Capitale du Paraguay As
79%
Continent, formé de deux autres continents qui abritent Paris et Pékin Eu
79%
Continent qui abrite Bruxelles Eu
79%
Sous-préfecture des Bouches Du Rhône Ai
74%
Ville d'Allemagne connue comme résidence de Charlemagne Ai
68%
Capitale de l’Érythrée As
68%
Département qui porte le n° 27 Eu
68%
Département d'Auvergne-Rhône-Alpes Ai
58%
Département des Hauts-de-France Ai
53%
Ville de Petite Camargue Ai
42%
Ile de l'océan atlantique, synonyme de "Montée" As
37%
Ville des Hauts-de-Seine limitrophe de Courbevoie As
37%
Pays basque Eus
37%
Deuxième ville la plus peuplée de la Savoie Ai
26%
Ville nouvelle de Savoie dans la moyenne Tarentaise non loin d'une station de ski incluse dans son nom Ai
26%
Ville des Landes qui abrite une importante station thermale Eu
11%
Aucun quiz correspondant
Distribution des résultats
% des personnes avec chaque résultat
Percentile par nombre de réponses
Votre historique - résultats
Vous n’avez pas pris ce quiz depuis la dernière actualisation